| 000 | 00653nam a2200181Ia 4500 | ||
|---|---|---|---|
| 008 | 150610s9999 xx 000 0 und d | ||
| 020 | _a9781559708586 | ||
| 050 |
_aE302.5 _b .B87 2007 |
||
| 100 | _aBurns, Eric | ||
| 245 |
_aVirtue, valor and vanity: _bthe founding fathers and the puruit of fame / _cEric Burns. |
||
| 250 | _a1st ed. | ||
| 260 |
_aNew York : _bArcade Publishing, _c2007. |
||
| 300 |
_a239pages ; _c24 cm. |
||
| 504 | _aIncludes bibliographical references and index. | ||
| 520 | _aBiography. | ||
| 650 |
_aUnited States _xPolitics and government-1775-1783.3 |
||
| 650 |
_aVirtue-Political aspects-United States _xHistory,18th century. |
||
| 999 |
_c288031 _d288031 |
||